ORGANIC SPECTROSCOPY (Record no. 21461)
[ view plain ]
| 000 -LEADER | |
|---|---|
| fixed length control field | 00341nam a22001577a 4500 |
| 003 - CONTROL NUMBER IDENTIFIER | |
| control field | SGT |
| 020 ## - INTERNATIONAL STANDARD BOOK NUMBER | |
| International Standard Book Number | 978-1-4039-0684-7 |
| 082 ## - DEWEY DECIMAL CLASSIFICATION NUMBER | |
| Classification number | 615 |
| Item number | O19K |
| 100 ## - MAIN ENTRY--PERSONAL NAME | |
| Personal name | KEMP, WILLIAM |
| 245 ## - TITLE STATEMENT | |
| Title | ORGANIC SPECTROSCOPY |
| 250 ## - EDITION STATEMENT | |
| Edition statement | 3RD |
| 260 ## - PUBLICATION, DISTRIBUTION, ETC. (IMPRINT) | |
| Place of publication, distribution, etc | NEWYORK |
| Name of publisher, distributor, etc | PALGRAVE MACMILLAN |
| Year of Publication | 2019 |
| 300 ## - PAGE DESCRIPTION | |
| No. of Pages | 393 |
| 650 ## - SUBJECT ADDED ENTRY--TOPICAL TERM | |
| Topical term or geographic name as entry element | PHARMACY |
| 942 ## - ADDED ENTRY ELEMENTS (KOHA) | |
| Source of classification or shelving scheme | Dewey Decimal Classification |
| Koha item type | Books |
| 942 ## - ADDED ENTRY ELEMENTS (KOHA) | |
| -- | 43 |
| Withdrawn status | Lost status | Source of classification or shelving scheme | Damaged status | Use restrictions | Not for loan | Collection code | Home library | Current library | Shelving location | Date acquired | Vendor Name | Cost, normal purchase price | SGTU | Bill Number | Full call number | Accession No. (Barcode) | Date last seen | Bill Date | Koha item type | Total Checkouts | Date last borrowed |
|---|---|---|---|---|---|---|---|---|---|---|---|---|---|---|---|---|---|---|---|---|---|
| Dewey Decimal Classification | Restricted Access | PHARMACY | SGT FA-FP Library | SGT FA-FP Library | Reference Book | 07/07/2021 | AHUJA PUB | 540.00 | SGTU | 13100 | 615 O19K | FP3886 | 07/07/2021 | 14/06/2021 | Books | ||||||
| Dewey Decimal Classification | PHARMACY | SGT FA-FP Library | SGT FA-FP Library | Text Book | 07/07/2021 | AHUJA PUB | 540.00 | SGTU | 13100 | 615 O19K | FP3887 | 23/04/2026 | 14/06/2021 | Books | 12 | 23/04/2026 | |||||
| Dewey Decimal Classification | PHARMACY | SGT FA-FP Library | SGT FA-FP Library | Text Book | 07/07/2021 | AHUJA PUB | 540.00 | SGTU | 13100 | 615 O19K | FP3888 | 29/05/2026 | 14/06/2021 | Books | 15 | 18/05/2026 | |||||
| Dewey Decimal Classification | PHARMACY | SGT FA-FP Library | SGT FA-FP Library | Text Book | 07/07/2021 | AHUJA PUB | 540.00 | SGTU | 13100 | 615 O19K | FP3889 | 20/03/2026 | 14/06/2021 | Books | 11 | 18/03/2026 | |||||
| Dewey Decimal Classification | PHARMACY | SGT FA-FP Library | SGT FA-FP Library | Text Book | 07/07/2021 | AHUJA PUB | 540.00 | SGTU | 13100 | 615 O19K | FP3890 | 16/10/2023 | 14/06/2021 | Books | 10 | 27/09/2023 |